Dopad cestovného ruchu na kvalitu života obyvateľov destinácie Belianske Tatry v kontexte Doxeyho iritačného indexu

Cestovný ruch je významným zdrojom príjmov pre oblasti cestovného ruchu, vrátane Belianskych Tatier. Môže však mať rôzne dopady na kvalitu života miestnych obyvateľov. Tento článok sa zameriava na analýzu vplyvu turizmu na kvalitu života obyvateľov destinácie Belianske Tatry pomocou Doxeyho indexu p...

Descrizione completa

Salvato in:
Dettagli Bibliografici
Autore principale: Horský, Jerguš, 1998-
Altri autori: Harcsová, Henrieta, 1998-
Natura: Capitolo di libro
Lingua:slovacco
Soggetti:
Tags: Aggiungi Tag
Nessun Tag, puoi essere il primo ad aggiungerne!!

MARC

LEADER 00000naa$a2200000$$$4500
001 0306445
005 20250123121843.7
041 0 |a slo 
044 |a SK 
245 1 0 |a Dopad cestovného ruchu na kvalitu života obyvateľov destinácie Belianske Tatry v kontexte Doxeyho iritačného indexu  |c Jerguš Horský, Henrieta Harcsová 
520 |a Cestovný ruch je významným zdrojom príjmov pre oblasti cestovného ruchu, vrátane Belianskych Tatier. Môže však mať rôzne dopady na kvalitu života miestnych obyvateľov. Tento článok sa zameriava na analýzu vplyvu turizmu na kvalitu života obyvateľov destinácie Belianske Tatry pomocou Doxeyho indexu podráždenosti ako nástroja na meranie postojov obyvateľov k turistom. Výsledky vychádzajú z prieskumov, odhaľujúce postoje miestnych obyvateľov k intenzite turizmu a jeho dopadom na ich každodenný život. Článok poskytuje hodnotenie súčasnej situácie a navrhuje základ pre ďalší výskum, ktorý by mohol prispieť k hlbšiemu pochopeniu dlhodobých vplyvov turizmu na miestnu komunitu. 
610 2 0 |a obyvateľstvo 
610 2 0 |a regióny 
610 2 0 |a ruch cestovný 
610 2 0 |a Slovensko 
100 1 |a Horský, Jerguš, 1998- 
700 1 |a Harcsová, Henrieta, 1998-